000 01199nam a2200313 i 4500
003 EG-GICUC
005 20260121101721.0
008 260112s2002 ua ||||fr|||| 00| 0 ara d
017 _a2001/10624
020 _a977-328-067-8
040 _a EG-GICUC
_bara
_c EG-GICUC
_d EG-GICUC
_erda
041 0 _aara
082 0 4 _221
_a345.7
_bع ب . د
092 0 4 _221
099 _aLaw1 07 345.7 ع ب . د 2002
100 0 _aعبد السلام أبو قحف
_eمؤلف.
245 1 0 _aدليل المدير في :
_bتفويض السلطة - ملامح الإصلاح الإداري العقود الإدارية - إدارة الأزمات /
_cالدكتور عبد السلام أبو قحف.
264 1 _aالإسكندرية :
_bدار الجامعة الجديدة للنشر،
_c2002.
300 _a193 ؛ صفحة
_c24 سم.
336 _2rda content
_atext
337 _2rda media
_aComputer
338 _2rda carrier
_aOnline Resource
546 _aالنص باللغة العربية
650 1 4 _aالعقود الإدارية
650 1 4 _aالقانون الإداري
856 4 0 _uhttps://fll.law.cu.edu.eg/fulltext/bks/B07-01397.pdf
905 _a77
942 _2ddc
_cBK
_e21
_n0
999 _c56650
_d56650